| 000 | 05962cam a22019694i 4500 | ||
|---|---|---|---|
| 003 | PE-LiUPU | ||
| 005 | 20250813165938.0 | ||
| 008 | 150706s2012 gw a rb 000 0 spa d | ||
| 020 | _a3639520149 | ||
| 020 | _a9783639520149 | ||
| 035 | _a(Sirsi) i9783639520149 | ||
| 040 |
_aPE-LiUPU _bspa _cPE-LiUPU _dPE-LiUPU _erda |
||
| 049 | _aPRUA | ||
| 082 | 0 | 4 |
_a610.7 _bP26 _221 |
| 082 | 0 | 4 |
_a610.7 _bP26 2012 _221 |
| 100 | 1 |
_aParedes Aguirre de Beltran, María Angela, _eautor. |
|
| 245 | 1 | 0 |
_aEnseñanza universitaria en ciencias de la salud : _buso de metodología activas para el mejor aprendizaje / _cMaria Angela Paredes Aguirre de Beltran. |
| 264 | 1 |
_aDeutschland : _bCREDO EDICIONES, _c2012. |
|
| 300 |
_a115 páginas : _bilustraciones ; _c22 centímetros |
||
| 336 |
_atext _2rdacontent |
||
| 337 |
_aunmediated _2rdamedia |
||
| 338 |
_avolume _2rdacarrier |
||
| 504 | _aBibliografía: páginas 113-115. | ||
| 505 | 0 | _aCosmovisión de la educación cristiana -- Metodología activa -- Currículum por competencias -- Objetivos educacionales -- Contenidos educacionales -- Estrategias y técnicas didácticas -- Evaluación educativa. | |
| 526 | _aP203 | ||
| 526 | _aP200 | ||
| 526 | _aSEG65 | ||
| 526 | _aSEG64 | ||
| 526 | _aSEG63 | ||
| 526 | _aSEG62 | ||
| 526 | _aSEG61 | ||
| 526 | _aSEG60 | ||
| 526 | _aSEG59 | ||
| 526 | _aSEG58 | ||
| 526 | _aSEG57 | ||
| 526 | _aSEG56 | ||
| 526 | _aSEG55 | ||
| 526 | _aSEG54 | ||
| 526 | _aSEG53 | ||
| 526 | _aSEG52 | ||
| 526 | _aSEG51 | ||
| 526 | _aSEG50 | ||
| 526 | _aSEG49 | ||
| 526 | _aSEG48 | ||
| 526 | _aSEG47 | ||
| 526 | _aSEG46 | ||
| 526 | _aSEG24 | ||
| 526 | _aSEG23 | ||
| 526 | _aSEG22 | ||
| 526 | _aSEG21 | ||
| 526 | _aSEG20 | ||
| 526 | _aSEG19 | ||
| 526 | _aSEG18 | ||
| 526 | _aSEG17 | ||
| 526 | _aSEG16 | ||
| 526 | _aSEG14 | ||
| 526 | _aSEG13 | ||
| 526 | _aSEG12 | ||
| 526 | _aSEG11 | ||
| 526 | _aSEG10 | ||
| 526 | _aSEG09 | ||
| 526 | _aSEG06 | ||
| 526 | _aSEG05 | ||
| 526 | _aSEG04 | ||
| 526 | _aSEG03 | ||
| 526 | _aSEG02 | ||
| 526 | _aSEG68 | ||
| 526 | _aSEG66 | ||
| 526 | _aSEG45 | ||
| 526 | _aSEG25 | ||
| 526 | _aSEG01 | ||
| 526 | _aP163 | ||
| 526 | _aP162 | ||
| 526 | _aP161 | ||
| 526 | _aP160 | ||
| 526 | _aP159 | ||
| 526 | _aP158 | ||
| 526 | _aP157 | ||
| 526 | _aP156 | ||
| 526 | _aP155 | ||
| 526 | _aP154 | ||
| 526 | _aP153 | ||
| 526 | _aP152 | ||
| 526 | _aP151 | ||
| 526 | _aP150 | ||
| 526 | _aP149 | ||
| 526 | _aP142 | ||
| 526 | _aP141 | ||
| 526 | _aP140 | ||
| 526 | _aP139 | ||
| 526 | _aP138 | ||
| 526 | _aP137 | ||
| 526 | _aP132 | ||
| 526 | _aP131 | ||
| 526 | _aP130 | ||
| 526 | _aP126 | ||
| 526 | _aP125 | ||
| 526 | _aP124 | ||
| 526 | _aP123 | ||
| 526 | _aP115 | ||
| 526 | _aP122 | ||
| 526 | _aP121 | ||
| 526 | _aP116 | ||
| 526 | _a P114 | ||
| 526 | _aP112 | ||
| 526 | _aP111 | ||
| 526 | _aP104 | ||
| 526 | _aP103 | ||
| 526 | _aP102 | ||
| 526 | _aP101 | ||
| 526 | _aP100 | ||
| 526 | _aP96 | ||
| 526 | _aP95 | ||
| 526 | _aP93 | ||
| 526 | _aP92 | ||
| 526 | _aP91 | ||
| 526 | _aP88 | ||
| 526 | _aP83 | ||
| 526 | _aP82 | ||
| 526 | _aP79 | ||
| 526 | _aP78 | ||
| 526 | _aP75 | ||
| 526 | _aP74 | ||
| 526 | _aP71 | ||
| 526 | _aP69 | ||
| 526 | _a P51 | ||
| 526 | _aP49 | ||
| 526 | _aP48 | ||
| 526 | _aP47 | ||
| 526 | _aP33 | ||
| 526 | _aP31 | ||
| 526 | _a P30 | ||
| 526 | _aP29 | ||
| 526 | _aP27 | ||
| 526 | _aP26 | ||
| 526 | _aP25 | ||
| 526 | _aP24 | ||
| 526 | _a P22 | ||
| 526 | _aP10 | ||
| 526 | _aP09 | ||
| 526 | _a P08 | ||
| 526 | _aP06 | ||
| 526 | _aP05 | ||
| 526 | _aP04 | ||
| 526 | _aP01 | ||
| 541 | _g002-9593621-8346665; | ||
| 541 | _g002-9593621-8346665; | ||
| 541 | _g001-00003175; | ||
| 650 | 0 | 4 |
_aSalud _xEnseñanza superior _xMetodología. |
| 650 | 0 | 4 |
_aEnseñanza superior _xDidáctica. |
| 910 |
_agl _cbd _d20130827 |
||
| 910 |
_btqv _caic _d20170127 |
||
| 942 |
_2ddc _cBOOK |
||
| 949 |
_a610.7 P26 _wDEWEY _c1 _i68373 _lCCODEBUL1 _mBUL _p46.00 _r0 _sY _tBOOK _u2015-7-6 _xSALUD _PP22 _o.STAFF. Colección General |
||
| 949 |
_a610.7 P26 _wDEWEY _c2 _i68374 _lCCODEBUL1 _mBUL _p46.00 _r0 _sY _tBOOK _u2015-7-6 _xSALUD _PP22 _o.STAFF. Colección General |
||
| 949 |
_a610.7 26 2012 _wDEWEY _c1 _iFJ06150 _lCCODEBUJ1 _mBUJ _p37.5 _r0 _sY _tBOOK _u2017-01-27 _xSALUD _zENFERMERÍA _0COMPRA _o.STAFF. Colección General Juliaca |
||
| 949 |
_a610.7 26 2012 _wDEWEY _c2 _iFJ06151 _lCCODEBUJ1 _mBUJ _p37.5 _r0 _sY _tBOOK _u2017-01-27 _xSALUD _zENFERMERÍA _0COMPRA _o.STAFF. Colección General Juliaca |
||
| 994 |
_aC0 _bPEPRU |
||
| 596 | _a1 3 | ||
| 999 |
_a610.7 P26 _wDEWEY _c55773 _i68373 _d55773 _e2017-4-20 _f2021-11-3 _g5 _lCCODEBUL1 _mBUL _n1 _p46.00 _r0 _sY _tBOOK _u2015-7-6 _xSALUD _zP22 _0COMPRA _o.STAFF. Colección Ciencias de la Salud |
||
| 999 |
_a610.7 P26 _wDEWEY _c2 _i68374 _f2021-11-3 _g6 _lCCODEBUL1 _mBUL _p46.00 _r0 _sY _tBOOK _u2015-7-6 _xSALUD _zP22 _0COMPRA _o.STAFF. Colección Ciencias de la Salud |
||
| 999 |
_a610.7 P26 _wDEWEY _c3 _i70746 _d2019-6-28 _e2019-6-23 _f2021-11-3 _g5 _lCCODEBUL1 _mBUL _n2 _p46.00 _r0 _sY _tBOOK _u2016-9-19 _xSALUD _zP22 _0COMPRA _o.STAFF. Colección Ciencias de la Salud |
||
| 999 |
_a610.7 P26 _wDEWEY _c4 _i70747 _f2021-11-3 _g5 _lCCODEBUL1 _mBUL _p46.00 _r0 _sY _tBOOK _u2016-9-19 _xSALUD _zP22 _0COMPRA _o.STAFF. Colección Ciencias de la Salud |
||
| 999 |
_a610.7 P26 2012 _wDEWEY _c1 _iFJ06150 _d2017-8-14 _f2022-1-25 _g3 _lCCODEBUJ1 _mBUJ _p37.50 _q1 _r0 _sY _tBOOK _u2015-9-16 _xSALUD _zP22 _0COMPRA _o.STAFF. Colección General Juliaca |
||
| 999 |
_a610.7 P26 2012 _wDEWEY _c2 _iFJ06151 _d2017-8-14 _f2022-1-25 _g3 _lCCODEBUJ1 _mBUJ _p37.50 _q1 _r0 _sY _tBOOK _u2015-9-16 _xSALUD _zP22 _0COMPRA _o.STAFF. Colección General Juliaca |
||
| 980 |
_81 _gALBERTO SANCHEZ Responsable de Automatización |
||